5HLuxD.jpg

KING HENRY VIII SENIOR AND PRIMARY SCHOOL LIBRARY OPAC

ANIMALS INFOGRAPHICS (Record no. 5562)

000 -LEADER
fixed length control field 00333nam a22001217a 4500
008 - FIXED-LENGTH DATA ELEMENTS--GENERAL INFORMATION
fixed length control field 251002b ||||| |||| 00| 0 eng d
020 ## - INTERNATIONAL STANDARD BOOK NUMBER
International Standard Book Number 9781912171347
082 ## - DEWEY DECIMAL CLASSIFICATION NUMBER
Classification number 590 BRU
100 ## - MAIN ENTRY--PERSONAL NAME
Personal name BRUNDLE,HARRIET
Relator term AUTHOR
245 ## - TITLE STATEMENT
Title ANIMALS INFOGRAPHICS
260 ## - PUBLICATION, DISTRIBUTION, ETC.
Place of publication, distribution, etc. KING'S LYNN,NORFOLK PE30 4LS
Name of publisher, distributor, etc. THE SECRET BOOK COMPANY
Date of publication, distribution, etc. 2019
942 ## - ADDED ENTRY ELEMENTS (KOHA)
Source of classification or shelving scheme
Holdings
Withdrawn status Lost status Source of classification or shelving scheme Damaged status Not for loan Collection code Permanent Location Current Location Shelving location Date acquired Full call number Barcode Date last seen Price effective from Koha item type Public note
          Non-Fiction KH8 Primary School Library KH8 Primary School Library Non Fiction 2025-10-02 590 BRU KHPL000007272 2025-10-02 2025-10-02 Books - Non Ficton PRIMARY LIBRARY

Powered By KH8 IT Dept